000 00750nam a2200277 i 4500
999 _c9833
_d9833
001 9833
003 BD-JhCC
005 20180402081955.0
008 180402s1973 enkabc j b 001 0 eng
020 _a0356043452 :
_c£1.00
035 _a(BD-JhCC)9833
040 _aDLC
_cDLC
_dDLC
_dBD-JhCC
041 _aeng
050 0 0 _aCC80
_b.G6
082 0 0 _a930/.1
_bGOF 1973
100 1 _aGoff, Clare.
245 1 0 _aArchaeology /
_c[by] Clare Goff.
260 _aLondon :
_bMacdonald and Co.,
_c1973.
300 _a48 p. :
_bill. (some col.), col. map, ports. ;
_c29 cm.
490 0 _aVisual books
500 _aIncludes index.
504 _aBibliography: p. 46.
650 0 _aArchaeology
_xJuvenile literature.
942 _2ddc
_cBK